| 000 | 01044cam a2200349 i 4500 | ||
|---|---|---|---|
| 001 | 200468069 | ||
| 003 | TR-AnTOB | ||
| 005 | 20260413115738.0 | ||
| 007 | ta | ||
| 008 | 780428s1966 enk 000 0 eng d | ||
| 010 | _a 62045298 | ||
| 015 | _aGB60-687 | ||
| 035 | _a6100218 | ||
| 035 | _a(OCoLC)3837134 | ||
| 040 |
_aDLC _cGASU _dUk _dDLC _beng _erda |
||
| 041 | 1 |
_aeng _hita |
|
| 042 | _apremarc | ||
| 050 | 0 | 0 |
_aPQ4829.O62 _bS5613 1966 |
| 090 |
_aPQ4829.O62 _bS5613 1966 |
||
| 100 | 1 |
_aMoravia, Alberto, _d1907-1990 _eauthor _9145651 |
|
| 240 | 1 | 0 |
_aShort stories. _kSelections. _lEnglish |
| 245 | 1 | 4 |
_aThe wayward wife and other stories / _cSelected and translated by Angus Davidson. |
| 264 |
_aLondon, _bSecker & Warburg, _c1966. |
||
| 300 |
_a216 pages; _c21 cm. |
||
| 336 |
_atext _btxt _2rdacontent |
||
| 337 |
_aunmediated _bn _2rdamedia |
||
| 338 |
_avolume _bnc _2rdacarrier |
||
| 650 | 0 |
_aİtalyan edebiyatı _9125859 |
|
| 700 | 1 |
_aDavidson, Angus. _etranslator _9153576 |
|
| 942 |
_2lcc _cBK |
||
| 999 |
_c200468069 _d86281 |
||